Methods Used in Personnel Audit in Companies Operating in the Slovak Republic in the Stage of Industrial Revolution 4.0

Identifikácia a klasifikácia metód a prístupov používaných pri personálnom audite v spoločnostiach pôsobiacich v SR v etape priemyselnej revolúcie 4.0 s cieľom získať objektívne informácie o súlade právnych noriem a zavedených štandardov pre personálnu prácu v spoločnosti v dvoch oblastiach: ľudské...

Ausführliche Beschreibung

Gespeichert in:
Bibliographische Detailangaben
1. Verfasser: Matkovčíková, Natália, 1982-
Format: Buchkapitel
Sprache:Englisch
Schlagworte:
Tags: Tag hinzufügen
Keine Tags, Fügen Sie das erste Tag hinzu!

MARC

LEADER 00000naa$a2200000$$$4500
001 0270120
005 20240502083810.2
041 0 |a eng 
044 |a FR 
245 1 0 |a Methods Used in Personnel Audit in Companies Operating in the Slovak Republic in the Stage of Industrial Revolution 4.0  |c Natália Matkovčíková 
520 |a Identifikácia a klasifikácia metód a prístupov používaných pri personálnom audite v spoločnostiach pôsobiacich v SR v etape priemyselnej revolúcie 4.0 s cieľom získať objektívne informácie o súlade právnych noriem a zavedených štandardov pre personálnu prácu v spoločnosti v dvoch oblastiach: ľudské zdroje a riadenie ľudských zdrojov. 
610 2 0 |a audit personálny 
610 2 0 |a revolúcia priemyselná 
610 2 0 |a priemysel 4.0 
610 2 0 |a štandardy 
610 2 0 |a riadenie ľudských zdrojov 
100 1 |a Matkovčíková, Natália, 1982-